| 000 | 00766nam a22002297a 4500 | ||
|---|---|---|---|
| 005 | 20170124110014.0 | ||
| 010 | _aB-060099 | ||
| 020 |
_c00.00 _a812022600 |
||
| 035 | _aB-060099 | ||
| 037 | _bCen Lib/Ret | ||
| 040 |
_aDPL _bEN |
||
| 082 |
_a342.54 _bGAN |
||
| 100 |
_aGani, H. A. _918406 |
||
| 245 |
_aGoverner in the indian constitution : _cby H. A. Gani _bcertain controversies and srakaria commision / |
||
| 260 |
_bNew Delhi _aAjanta Publications _c1990 |
||
| 270 |
_aJawahar Nagar _bNew Delhi _e110007 |
||
| 300 |
_axiii, 111p. _c21cm(Hb) |
||
| 500 | _aIncludes bibliographical references and index | ||
| 650 |
_aIndian constitution _95209 |
||
| 650 |
_aAdministrative reforms _xGoverner _918407 |
||
| 942 |
_2ddc _cEN _h342.54 _mGAN |
||
| 999 |
_c126760 _d126760 |
||